Universal Health Care 101 : Lessons for the Eastern Caribbean and Beyond /

Despite the increasing interest in universal health care, little is known about the optimal way to finance, design, and implement it. This paper attempts to fill this gap by providing some general policy recommendations on this important issue. While most of the paper addresses the Eastern Caribbean...

Descrizione completa

Dettagli Bibliografici
Autore principale: Tsounta, Evridiki
Natura: Periodico
Lingua:English
Pubblicazione: Washington, D.C. : International Monetary Fund, 2009.
Serie:IMF Working Papers; Working Paper ; No. 2009/061
Accesso online:Full text available on IMF
LEADER 02095cas a2200241 a 4500
001 AALejournalIMF005682
008 230101c9999 xx r poo 0 0eng d
020 |c 5.00 USD 
020 |z 9781451872088 
022 |a 1018-5941 
040 |a BD-DhAAL  |c BD-DhAAL 
100 1 |a Tsounta, Evridiki. 
245 1 0 |a Universal Health Care 101 :   |b Lessons for the Eastern Caribbean and Beyond /  |c Evridiki Tsounta. 
264 1 |a Washington, D.C. :  |b International Monetary Fund,  |c 2009. 
300 |a 1 online resource (37 pages) 
490 1 |a IMF Working Papers 
500 |a <strong>Off-Campus Access:</strong> No User ID or Password Required 
500 |a <strong>On-Campus Access:</strong> No User ID or Password Required 
506 |a Electronic access restricted to authorized BRAC University faculty, staff and students 
520 3 |a Despite the increasing interest in universal health care, little is known about the optimal way to finance, design, and implement it. This paper attempts to fill this gap by providing some general policy recommendations on this important issue. While most of the paper addresses the Eastern Caribbean Currency Union (ECCU) countries, its policy implications are applicable to any country. The paper finds that the best financing option is country-specific depending on a country's economic, cultural, institutional, demographic and epidemiological characteristics, as well as political economy considerations. However, taxation should be the primary financing source. It also concludes that an appropriate and realistic benefit package would need to be designed to ensure the system's financial viability. Regarding the optimal way to implement universal health care, certain preconditions are needed, including sound public administration, a small informal economy, and a transparent health financing system that builds social consensus. 
538 |a Mode of access: Internet 
830 0 |a IMF Working Papers; Working Paper ;  |v No. 2009/061 
856 4 0 |z Full text available on IMF  |u http://elibrary.imf.org/view/journals/001/2009/061/001.2009.issue-061-en.xml  |z IMF e-Library